000 00540nam a22001937a 4500
005 20260318105525.0
010 _aENG-147910
020 _a9789373590226
_c499.00
035 _aEN-131442
037 _bDBAD
082 _a000
_22
245 _aCUET UG 2026 English
250 _a2
260 _aUttar Pradesh
_bS. Chand Publishing
_c2026
270 _aD-92, Sector-02, Noida
_bUttar Pradesh
_e201301
_k91-120-4682700
300 v _a328p.
_c26cm(pb)
500 _a(Concepts & Mock Papers)
942 _2ddc
_cEN
_mCUE
_h000
999 _c215591
_d215591